La nouvelle économique (novaia ekonomika) / (Record no. 105523)

MARC details
000 -LEADER
campo de control de longitud fija 00842nam a2200229 i 4500
001 - NÚMERO DE CONTROL
campo de control 105523
003 - IDENTIFICADOR DE NÚMERO DE CONTROL
campo de control ES-MaACL
005 - FECHA Y HORA DE LA ÚLTIMA TRANSACCIÓN
campo de control 20230906183919.0
007 - CAMPO FIJO DE DESCRIPCIÓN FÍSICA--INFORMACIÓN GENERAL
campo de control de longitud fija t|
008 - DATOS DE LONGITUD FIJA--INFORMACIÓN GENERAL
campo de control de longitud fija 060721s1966 fr |||| | fre d
080 ## - NÚMERO DE LA CLASIFICACIÓN DECIMAL UNIVERSAL
Número de la Clasificación Decimal Universal 33
100 1# - ENTRADA PRINCIPAL--NOMBRE DE PERSONA
Nombre de persona Preobrazhenskii, E. A.
9 (RLIN) 93767
245 13 - MENCIÓN DEL TÍTULO
Título La nouvelle économique (novaia ekonomika) /
Mención de responsabilidad, etc. Eugène Préobrajensky ; traduit du russe par Bernard Joly ; préface de Pierre Naville ; introduction de Ernest Mandel.
260 ## - PUBLICACIÓN, DISTRIBUCIÓN, ETC.
Lugar de publicación, distribución, etc. Paris :
Nombre del editor, distribuidor, etc. Etudes et Documentation Internationales,
Fecha de publicación, distribución, etc. [1966]
300 ## - DESCRIPCIÓN FÍSICA
Extensión 401 p. ;
Dimensiones 21 cm.
650 14 - PUNTO DE ACCESO ADICIONAL DE MATERIA--TÉRMINO DE MATERIA
Término de materia o nombre geográfico como elemento de entrada Economía marxista.
9 (RLIN) 12033
651 #4 - PUNTO DE ACCESO ADICIONAL DE MATERIA--NOMBRE GEOGRÁFICO
Nombre geográfico URSS-
Subdivisión general Situación económica-
Subdivisión de forma Historia.
9 (RLIN) 167716
700 1# - ENTRADA AGREGADA--NOMBRE PERSONAL
Nombre de persona Joly, Bernard.
9 (RLIN) 66808
700 1# - ENTRADA AGREGADA--NOMBRE PERSONAL
Nombre de persona Naville, Pierre.
9 (RLIN) 85234
700 1# - ENTRADA AGREGADA--NOMBRE PERSONAL
Nombre de persona Mandel, Ernest.
9 (RLIN) 75941
852 ## - LOCALIZACIÓN
Ubicación ES-MaACL
Número de control de estantería AND-334
Nota libre . - Biblioteca Juan Andrade
Holdings
Estatus retirado Estado de pérdida Estado de daño No para préstamo Biblioteca de origen Biblioteca actual Ubicación en estantería Fecha de adquisición Fuente de adquisición Total de préstamos Signatura topográfica completa Código de barras Visto por última vez Precio de reemplazo Tipo de ítem Koha
        Biblioteca del Ateneo de Madrid Biblioteca del Ateneo de Madrid Depósito 2 17/01/2008     AND-334 1110172 23/02/2023 23/02/2023 Libro impreso